| 000 | 00574nam a2200205Ia 4500 | ||
|---|---|---|---|
| 008 | 180523s9999 xx 000 0 und d | ||
| 020 | _a978-981-06-9868-3 | ||
| 050 | _aMAIN Q 161.2 | ||
| 050 | _b.C66 2007 | ||
| 245 | 4 | _aThe Concepts of integrated science / | |
| 245 | 0 | _cPaul G. Hewitt… [et al]. | |
| 260 | _aSingapore : | ||
| 260 | _bPearson Education South Asia, | ||
| 260 | _c2007 | ||
| 300 | _a668 pages : | ||
| 300 | _billustrations ; | ||
| 300 | _c24 cm. | ||
| 500 | _aIncludes bibliographical references and index. | ||
| 650 | _aScience -- Textbooks. | ||
| 999 |
_c357415 _d357415 |
||